000 00374 a2200169 4500
001 73502
020 _a850807760-2
040 _cAnchieta - Colégio São Paulo
100 _aAlencar, José de
240 1 0 _aAs minas de prata
_lpor
245 1 0 _aAs minas de prata
300 _a272
362 0 _a2001
440 1 _aÁtica
650 4 _aFicção brasileira
942 _cBK
999 _c73502
_d73502